00336nam a2200133Ia 4500008004100000020001500041041001200056082001600068100001700084245005200101260002500153300000800178650001600186221030s9999 xx 000 0 und d a8120312554 aEnglish a105.23bRaj aV. Rajaraman 0aComputer Programming In Pascalcby V. Rajaraman bPHIaNew Delhic2000 a197 aBE Computer